000 00418pab a2200181 454500
008 180718b1996 xxu||||| |||| 00| 0 eng d
100 _aAgnes, Flavia
245 _aThe politics of women's rights
260 _c1996
300 _ap.62-66
362 _aMay
650 _aMuslim women - India
650 _aCivil law - India
650 _aWomen - India
650 _aWomen
773 _aSeminar
909 _a31511
999 _c31511
_d31511